The Encyclopaedia Britannica (Record no. 59469)

MARC details
000 -LEADER
campo de control de longitud fija 00625nam a2200205 i 4500
001 - NÚMERO DE CONTROL
campo de control 59469
003 - IDENTIFICADOR DE NÚMERO DE CONTROL
campo de control ES-MaACL
005 - FECHA Y HORA DE LA ÚLTIMA TRANSACCIÓN
campo de control 20250724063407.0
007 - CAMPO FIJO DE DESCRIPCIÓN FÍSICA--INFORMACIÓN GENERAL
campo de control de longitud fija t|
008 - DATOS DE LONGITUD FIJA--INFORMACIÓN GENERAL
campo de control de longitud fija 031029s1910 xxk e |||| | eng d
245 04 - MENCIÓN DEL TÍTULO
Título The Encyclopaedia Britannica
Resto del título : a dictionary of arts, sciences, literature and general information.
250 ## - MENCION DE EDICION
Mención de edición 9th ed.
260 ## - PUBLICACIÓN, DISTRIBUCIÓN, ETC.
Lugar de publicación, distribución, etc. Cambridge :
Nombre del editor, distribuidor, etc. University Press,
Fecha de publicación, distribución, etc. 1910 (
Lugar de fabricación/manufactura London :
Fabricante Fetter Lane)
300 ## - DESCRIPCIÓN FÍSICA
Extensión 30 v. ;
Dimensiones 29 cm.
500 ## - NOTA GENERAL
Nota general Faltan los volúmenes XXX y XXXI
650 ## - PUNTO DE ACCESO ADICIONAL DE MATERIA--TÉRMINO DE MATERIA
Término de materia o nombre geográfico como elemento de entrada Enciclopedias.
9 (RLIN) 12235
852 ## - LOCALIZACIÓN
Ubicación ES-MaACL
Número de control de estantería B-1083-1112
942 ## - ELEMENTOS DE ENTRADA SECUNDARIOS (KOHA)
Fuente del sistema de clasificación o colocación Clasificación decimal universal
Holdings
Estatus retirado Estado de pérdida Estado de daño No para préstamo Colección Biblioteca de origen Biblioteca actual Ubicación en estantería Fecha de adquisición Fuente de adquisición Total de préstamos Signatura topográfica completa Código de barras Visto por última vez Precio de reemplazo Tipo de ítem Koha
        Colección de referencia Biblioteca del Ateneo de Madrid Biblioteca del Ateneo de Madrid Sala Pardo Bazán 17/01/2008     B-1083-1112 1062375 23/02/2023 23/02/2023 Libro impreso